Score 0/161 Timer 07:00
1 Play Today
% Correct
a
95.6%
a
95.6%
a
95.6%
a
95.6%
I
94.2%
I
94.2%
the
93.3%
the
93.3%
the
93.3%
the
93.3%
the
93.3%
the
93.3%
the
93.3%
the
93.3%
the
93.3%
the
93.3%
the
93.3%
the
93.3%
the
93.3%
'And
84.9%
And,
84.9%
and
84.9%
and
84.9%
And
84.9%
And
84.9%
And
84.9%
and
84.9%
and
84.9%
Christ
83.6%
in
83.2%
in
83.2%
in
83.2%
in
83.2%
in
83.2%
in
83.2%
is
82.9%
is
82.9%
is
82.8%
is
82.8%
you
82%
you
82%
you;
82%
you
82%
to
80.5%
to
80.5%
of
80%
of
80%
of
80%
of
80%
of
80%
be
78.5%
be
78.5%
lo,
76.4%
Christmas
74.6%
% Correct
Christmas
74.6%
all
73.9%
all
73.9%
all
73.9%
Lord
73.4%
Lord
73.4%
Lord.
73.4%
for,
72%
For
72%
angel
71.3%
angel
71.3%
angel
71.3%
born
69.3%
what
66.8%
what
66.8%
on
66.3%
about.
66.2%
about,
66.2%
about
66.1%
unto
65.7%
unto
65.7%
unto
65.7%
this
65.3%
this
65.3%
will
65.2%
said
63.6%
them,
63.6%
them:
63.6%
them,
63.6%
manger.
63.4%
tell
62.6%
Charlie
61.5%
Charlie
61.5%
can
61.5%
(good)
61.3%
good
61.3%
day
61.2%
Brown.
61.2%
Brown.
61.2%
night.
61.2%
there
61.1%
there
61.1%
were
59.3%
were
59.3%
Saviour
57.9%
not:
57.8%
shepherds
57.6%
God,
57.3%
God
57.3%
men.'
56.9%
bring
55.7%
joy,
55.5%
their
55.4%
they
55.3%
% Correct
tidings
54.7%
great
54.1%
city
53.2%
flock
53.1%
came
53.1%
field,
52.7%
peace,
52.3%
Fear
50%
David
49.9%
by
49.7%
shall
49.3%
shall
49.3%
shall
49.3%
That's
48.9%
watch
48.8%
earth
48.1%
over
47.9%
was
47.6%
glory
47%
Glory
47%
afraid.
44.5%
toward
44.2%
babe
43.8%
clothes,
42.5%
highest,
42.3%
swaddling
41.9%
lying
41.7%
wrapped
40.9%
sign
40.3%
upon
40.1%
people.
39.6%
which
39.1%
which
39.1%
find
38.9%
shone
38.7%
behold,
38.2%
Ye
38%
keeping
37.4%
with
35.5%
sore
35.2%
host
33.6%
Lights
33.3%
heavenly
32.7%
please.
32.5%
Sure,
30.6%
round
29.5%
country
26.6%
saying,
26.3%
same
25.5%
multitude
25.3%
praising
24.8%
suddenly
24.3%
abiding
24.2%
Remove Ads.
Support Sporcle.
Get the best of Sporcle when you Go Orange. This ad-free experience offers more features, more stats, and more fun while also helping to support Sporcle. Thank you for becoming a member.

You're not logged in!

Compare scores with friends on all Sporcle quizzes.
OR
Log In

Show Comments

Extras

Top Quizzes Today


Score Distribution

Your Account Isn't Verified!

In order to create a playlist on Sporcle, you need to verify the email address you used during registration. Go to your Sporcle Settings to finish the process.

Report this User

Report this user for behavior that violates our Community Guidelines.

Details: